| 000 | 00987nam a22002297a 4500 | ||
|---|---|---|---|
| 005 | 2011052506566.0 | ||
| 008 | 110525t xxu||||| |||| 00| 0 mar d | ||
| 010 | _aMAR-20879 | ||
| 020 | _c150.00 | ||
| 035 | _aMR-13537 | ||
| 037 | _bDBAD / PUB | ||
| 040 |
_aDPL _bMR |
||
| 082 | _a891.4608 | ||
| 100 |
_aसप्रे,मनोहर _928233 |
||
| 245 |
_aबिल्लोरी / _cमनोहर सप्रे |
||
| 246 |
_aBillori _bby Manohar Sapre |
||
| 260 |
_aलातूर _bअक्षर मानव प्रकाशन _c2011 |
||
| 270 |
_aमु.वडगाव,पो.शिवणी ता. निलंगा _bलातूर _e413521 |
||
| 300 |
_a148पृ. _c21 सेमी (अजिल्द) |
||
| 942 |
_2ddc _cMR _h891.4608 _mसप्रेम |
||
| 999 |
_c52582 _d52582 |
||